Précis élémentaire d'économie politique a l'usage des facultés de droit et des écoles / (Record no. 162908)

MARC details
000 -LEADER
campo de control de longitud fija 00710nam a22002055i 4500
001 - NÚMERO DE CONTROL
campo de control 162908
003 - IDENTIFICADOR DE NÚMERO DE CONTROL
campo de control ES-MaACL
005 - FECHA Y HORA DE LA ÚLTIMA TRANSACCIÓN
campo de control 20250721062641.0
008 - DATOS DE LONGITUD FIJA--INFORMACIÓN GENERAL
campo de control de longitud fija 050707s1880 fr |||| | fre d
040 ## - FUENTE DE CATALOGACIÓN
Centro catalogador/agencia de origen CAM
Lengua de catalogación spa
Centro/agencia transcriptor CAM
100 1# - ENTRADA PRINCIPAL--NOMBRE DE PERSONA
Nombre de persona Rambaud, Prosper.
9 (RLIN) 131572
245 10 - MENCIÓN DEL TÍTULO
Título Précis élémentaire d'économie politique a l'usage des facultés de droit et des écoles /
Mención de responsabilidad, etc. par Prosper Rambaud.
260 ## - PUBLICACIÓN, DISTRIBUCIÓN, ETC.
Lugar de publicación, distribución, etc. Paris :
Nombre del editor, distribuidor, etc. Ernest Thorin,
Fecha de publicación, distribución, etc. 1880 (
Lugar de fabricación/manufactura Toulouse :
Fabricante Imp. A. Chauvin et Fils)
300 ## - DESCRIPCIÓN FÍSICA
Extensión 219 p. ;
Dimensiones 19 cm.
650 07 - PUNTO DE ACCESO ADICIONAL DE MATERIA--TÉRMINO DE MATERIA
Término de materia o nombre geográfico como elemento de entrada Economía
Fuente del encabezamiento o término embne
9 (RLIN) 12006
752 ## - ENTRADA AGREGADA--NOMBRE JERÁRQUICO DEL LUGAR
País o entidad superior Francia -
Ciudad París
752 ## - ENTRADA AGREGADA--NOMBRE JERÁRQUICO DEL LUGAR
País o entidad superior Francia -
Ciudad Toulouse
852 ## - LOCALIZACIÓN
Ubicación ES-MaACL
Número de control de estantería B-13462
Nota libre -- Rúst. deteriorada
Holdings
Estatus retirado Estado de pérdida Estado de daño No para préstamo Colección Biblioteca de origen Biblioteca actual Ubicación en estantería Fecha de adquisición Fuente de adquisición Total de préstamos Signatura topográfica completa Código de barras Visto por última vez Precio de reemplazo Tipo de ítem Koha
        Libros del s. XIX Biblioteca del Ateneo de Madrid Biblioteca del Ateneo de Madrid Sala Pardo Bazán 17/01/2008     B-13462 1170688 23/02/2023 23/02/2023 Libro impreso antiguo